[Event "NZL-ch op-B 130th"]
[Site "Wellington"]
[Date "2023.01.03"]
[Round "2"]
[White "Lourenco, Eva"]
[Black "Aldridge, Alan L"]
[Result "1/2-1/2"]
[WhiteElo "1564"]
[BlackElo "1760"]
[PlyCount "54"]
[EventDate "2023.01.02"]
[EventType "swiss"]
[EventRounds "9"]
[EventCountry "NZL"]
[SourceTitle "CBM 212 Extra"]
[Source "ChessBase"]
[SourceDate "2023.03.31"]
[SourceVersion "1"]
[SourceVersionDate "2023.03.31"]
[SourceQuality "1"]

1. d4 Nf6 2. Bf4 e6 3. e3 c5 4. c3 b6 5. Nf3 Bb7 6. Nbd2 Be7 7. h3 0-0 8. Be2 cxd4 9. cxd4 d5 10. 0-0 Nc6 11. a3 h6 12. Rc1 a6 13. Bd3 Rc8 14. Qe2 a5 15. Rc2 Nb8 16. Rfc1 Rxc2 17. Rxc2 Bd6 18. Ne5 Qe7 19. Qd1 Ne4 20. Qc1 Nxd2 21. Qxd2 Rc8 22. Bb5 Rxc2 23. Qxc2 Na6 24. Bxa6 Bxa6 25. Qc6 Bxe5 26. Bxe5 Qb7 27. Qc7 a4 1/2-1/2

[Event "NZL-ch (Women)"]
[Site "Auckland"]
[Date "2022.04.18"]
[Round "3"]
[White "Lourenco, Eva"]
[Black "Yu, Weiyang"]
[Result "0-1"]
[WhiteElo "1327"]
[BlackElo "1460"]
[PlyCount "108"]
[EventDate "2022.04.17"]
[EventType "swiss"]
[EventRounds "7"]
[EventCountry "NZL"]
[SourceTitle "EXT 2024"]
[Source "ChessBase"]
[SourceDate "2023.10.10"]
[SourceVersion "1"]
[SourceVersionDate "2023.10.10"]
[SourceQuality "1"]

1. d4 e6 2. e4 d5 3. e5 c5 4. c3 Qb6 5. Nf3 Bd7 6. Be2 Bb5 7. 0-0 Bxe2 8. Qxe2 Nc6 9. dxc5 Bxc5 10. b4 Be7 11. a3 h5 12. Nbd2 Nh6 13. Nb3 Nf5 14. Rd1 Rd8 15. Nbd4 Ncxd4 16. cxd4 Rc8 17. Bb2 g5 18. Rac1 Kd7 19. Qd3 g4 20. Ne1 Rxc1 21. Rxc1 h4 22. Rc2 g3 23. h3 Bg5 24. Nf3 gxf2+ 25. Kxf2 Be3+ 26. Ke1 a5 27. b5 Rg8 28. a4 Rg3 29. Kf1 Qd8 30. Qd1 Qg8 31. Qe1 Qg6 32. Qc3 Rxf3+ 33. gxf3 Qg1+ 34. Ke2 Nxd4+ 35. Kd3 Nxc2 36. Qxc2 Qg6+ 37. Kc3 Bd4+ 38. Kb3 Qxc2+ 39. Kxc2 Bxb2 40. Kxb2 b6 41. Kc3 Ke7 42. Kd4 f6 43. exf6+ Kxf6 44. f4 Kf5 45. Ke3 d4+ 46. Kf3 d3 47. Ke3 d2 48. Kxd2 Kxf4 49. Ke2 Ke4 50. Kf2 Kd3 51. Kf3 e5 52. Kg4 e4 53. Kxh4 e3 54. Kg3 e2 0-1

[Event "Asian-ch Seniors 50 (Women)"]
[Site "Chess.com INT"]
[Date "2020.07.21"]
[Round "7.1"]
[White "Ohnmar, Soe"]
[Black "Lourenco, Eva"]
[Result "0-1"]
[WhiteElo "1617"]
[BlackElo "1371"]
[PlyCount "86"]
[EventDate "2020.07.21"]
[EventType "tourn"]
[EventRounds "10"]
[EventCountry "UAE"]
[SourceTitle "EXT 2024"]
[Source "ChessBase"]
[SourceDate "2023.10.10"]
[SourceVersion "1"]
[SourceVersionDate "2023.10.10"]
[SourceQuality "1"]

1. b3 Nf6 2. Bb2 g6 3. e4 d6 4. g3 Bg7 5. Bg2 0-0 6. Ne2 c5 7. d4 cxd4 8. Nxd4 Nc6 9. 0-0 Rb8 10. Re1 Nxd4 11. Bxd4 b6 12. c4 Bb7 13. Nc3 e5 14. Be3 Kh8 15. Rc1 Ne8 16. Nd5 Bxd5 17. cxd5 Rc8 18. Qd2 Nc7 19. Bh6 Nb5 20. Bxg7+ Kxg7 21. Qb4 Nd4 22. Rxc8 Qxc8 23. Qxd6 Re8 24. f4 Qc5 25. Qxc5 bxc5 26. Rc1 Ne2+ 27. Kf2 Nxc1 28. d6 Nxa2 29. fxe5 Nb4 30. d7 Rd8 31. Bh3 Nc6 32. e6 fxe6 33. Bxe6 Ne5 34. Ke3 Nxd7 35. g4 Nb6 36. h4 a5 37. h5 gxh5 38. gxh5 a4 39. bxa4 Nxa4 40. Bd5 Nb2 41. Kd2 Kf6 42. Kc2 Na4 43. Kb3 Nb6 0-1

[Event "Waikato op"]
[Site "Hamilton"]
[Date "2018.07.27"]
[Round "1"]
[White "Dare, Richard"]
[Black "Lourenco, Eva"]
[Result "1-0"]
[WhiteElo "1940"]
[BlackElo "1389"]
[PlyCount "129"]
[EventDate "2018.07.27"]
[EventType "swiss"]
[EventRounds "6"]
[EventCountry "NZL"]
[SourceTitle "CBM 186 Extra"]
[Source "ChessBase"]
[SourceDate "2018.08.24"]
[SourceVersion "1"]
[SourceVersionDate "2018.08.24"]
[SourceQuality "1"]

1. e4 c5 2. Nf3 d6 3. d4 cxd4 4. Nxd4 Nf6 5. Nc3 g6 6. Bb5+ Bd7 7. Qe2 Bg7 8. Be3 0-0 9. f3 Nc6 10. Rd1 Qa5 11. Nb3 Qc7 12. 0-0 Be6 13. Nd4 Nxd4 14. Bxd4 a6 15. Bd3 b5 16. Qf2 Nd7 17. Bxg7 Kxg7 18. Kh1 Nb6 19. f4 Nc4 20. Nd5 Bxd5 21. exd5 Qc5 22. Qxc5 dxc5 23. Bxc4 bxc4 24. Rfe1 Kf6 25. d6 e6 26. Re5 Rfb8 27. b3 cxb3 28. cxb3 Rb5 29. g4 h6 30. h4 Rd8 31. g5+ Kg7 32. Kg2 Rd7 33. Kf3 hxg5 34. hxg5 Kf8 35. Rc1 Rxd6 36. Rcxc5 Rxc5 37. Rxc5 Ke7 38. Rc7+ Ke8 39. Ra7 Rb6 40. Ke4 Kf8 41. Kd4 Rb4+ 42. Ke5 Rb5+ 43. Kd6 a5 44. Rc7 Rf5 45. Rc4 Kg7 46. a4 Rd5+ 47. Kc6 f6 48. b4 axb4 49. gxf6+ Kxf6 50. Rxb4 Rf5 51. Kb6 g5 52. fxg5+ Kxg5 53. a5 e5 54. a6 Rf6+ 55. Kb7 Kf5 56. Rb1 Ke4 57. Re1+ Kd4 58. Rd1+ Ke4 59. Rd7 Kf3 60. a7 Rf8 61. Kc6 e4 62. Rf7+ Rxf7 63. a8Q e3 64. Kc5+ Kg3 65. Qg8+ 1-0

[Event "George Trundle Talents"]
[Site "Auckland"]
[Date "2018.07.12"]
[Round "6"]
[White "Lourenco, Eva"]
[Black "Jain, Uday"]
[Result "0-1"]
[WhiteElo "1389"]
[BlackElo "1354"]
[PlyCount "134"]
[EventDate "2018.07.07"]
[EventType "tourn"]
[EventRounds "9"]
[EventCountry "NZL"]
[SourceTitle "EXT 2019"]
[Source "ChessBase"]
[SourceDate "2018.10.10"]
[SourceVersion "1"]
[SourceVersionDate "2018.10.10"]
[SourceQuality "1"]

1. b4 d5 2. Bb2 Bf5 3. e3 e5 4. Bxe5 Nc6 5. Bb2 Nxb4 6. d3 c5 7. a3 Nc6 8. Nf3 d4 9. e4 Be6 10. Be2 Bd6 11. Nbd2 b5 12. c3 Be7 13. cxd4 cxd4 14. 0-0 Bf6 15. Qc2 Nge7 16. Nb3 Rc8 17. Qd1 0-0 18. Nbd2 Ng6 19. Re1 a5 20. Bf1 b4 21. axb4 Nxb4 22. Nc4 Nxd3 23. Bxd3 Bxc4 24. Bxc4 Rxc4 25. e5 Be7 26. Bxd4 Bb4 27. Re2 Nf4 28. Rc2 Qc8 29. Rxc4 Qxc4 30. Be3 Ne2+ 31. Kh1 Nc3 32. Qd7 Ba3 33. h3 Qb4 34. Bd4 a4 35. Bxc3 Qxc3 36. Rd1 Ra8 37. Qd3 Qb2 38. Qd2 g6 39. Qd5 Ra7 40. Qd4 Qxd4 41. Rxd4 Bb2 42. Rd3 a3 43. Nd2 a2 44. Nb3 a1Q+ 45. Nxa1 Rxa1+ 46. Kh2 Bxe5+ 47. g3 Ra2 48. Kg2 Bb2 49. f4 Bd4+ 50. Kf3 Rf2+ 51. Ke4 Bf6 52. g4 h6 53. Ke3 Bh4 54. Ke4 Kg7 55. Re3 Rf1 56. Rb3 Re1+ 57. Kf3 Rg1 58. Rd3 Rg3+ 59. Ke4 f5+ 60. gxf5 gxf5+ 61. Kd4 Bf6+ 62. Kc4 Rxd3 63. Kxd3 Kg6 64. Ke2 Kh5 65. Kf3 Kh4 66. Kg2 Bb2 67. Kh2 Bc1 0-1

[Event "George Trundle Talents"]
[Site "Auckland"]
[Date "2018.07.09"]
[Round "3"]
[White "Lourenco, Eva"]
[Black "Deng, Abraham"]
[Result "0-1"]
[WhiteElo "1389"]
[BlackElo "1396"]
[PlyCount "102"]
[EventDate "2018.07.07"]
[EventType "tourn"]
[EventRounds "9"]
[EventCountry "NZL"]
[SourceTitle "EXT 2019"]
[Source "ChessBase"]
[SourceDate "2018.10.10"]
[SourceVersion "1"]
[SourceVersionDate "2018.10.10"]
[SourceQuality "1"]

1. d4 Nf6 2. Nf3 e6 3. Bf4 d5 4. e3 c5 5. c3 Nc6 6. Be2 cxd4 7. exd4 Nh5 8. Be3 Bd6 9. Nbd2 g6 10. Qa4 Bd7 11. Qb3 Qc7 12. Bb5 0-0 13. Qc2 Nb4 14. Qa4 Bxb5 15. Qxb5 Nc2+ 16. Ke2 Nxa1 17. Rxa1 a6 18. Qb3 Nf4+ 19. Bxf4 Bxf4 20. g3 Bh6 21. Rd1 Rac8 22. Ke1 f6 23. Kf1 Rfd8 24. Re1 Kf7 25. Kg1 Bg7 26. Kg2 h6 27. Ng1 e5 28. dxe5 fxe5 29. Ngf3 b6 30. Nf1 Kg8 31. Ne3 Qc5 32. Nh4 Kh7 33. Ng4 Qd6 34. Nf3 e4 35. Nd4 Rf8 36. Qa4 b5 37. Qa5 Bxd4 38. cxd4 Rc2 39. b3 h5 40. Ne3 Rcxf2+ 41. Kg1 h4 42. Rf1 Qf6 43. Qe1 hxg3 44. hxg3 Rf3 45. Rxf3 exf3 46. Qd2 f2+ 47. Kf1 Qf3 48. g4 Qh1+ 49. Ke2 f1Q+ 50. Nxf1 Qxf1+ 51. Ke3 Rf3# 0-1

[Event "Auckland ANZAC op"]
[Site "Auckland"]
[Date "2017.04.25"]
[Round "6"]
[White "Lourenco, Eva"]
[Black "Eade, Don"]
[Result "1/2-1/2"]
[WhiteElo "1327"]
[BlackElo "1844"]
[PlyCount "55"]
[EventDate "2017.04.22"]
[EventType "swiss"]
[EventRounds "6"]
[EventCountry "NZL"]
[SourceTitle "CBM 178 Extra"]
[Source "ChessBase"]
[SourceDate "2017.06.22"]
[SourceVersion "1"]
[SourceVersionDate "2017.06.22"]
[SourceQuality "1"]

1. d4 Nf6 2. Bf4 c5 3. e3 e6 4. Nf3 Nc6 5. c3 b6 6. Be2 Bb7 7. Nbd2 Be7 8. h3 0-0 9. 0-0 Rc8 10. Bh2 Nh5 11. Ne5 Nxe5 12. dxe5 g6 13. Bxh5 gxh5 14. Qxh5 Kh8 15. f4 f5 16. Nf3 Rg8 17. Rf2 d6 18. Rd1 d5 19. h4 Rg7 20. Ng5 Qg8 21. Rf3 Bc6 22. Rg3 Rg6 23. Qe2 Be8 24. h5 Rh6 25. Rh3 Rc7 26. Bg3 Bd8 27. Kh2 Rg7 28. Rg1 1/2-1/2

[Event "Auckland ANZAC op"]
[Site "Auckland"]
[Date "2017.04.25"]
[Round "5"]
[White "Peak, Stephen"]
[Black "Lourenco, Eva"]
[Result "0-1"]
[WhiteElo "1826"]
[BlackElo "1327"]
[PlyCount "108"]
[EventDate "2017.04.22"]
[EventType "swiss"]
[EventRounds "6"]
[EventCountry "NZL"]
[SourceTitle "CBM 178 Extra"]
[Source "ChessBase"]
[SourceDate "2017.06.22"]
[SourceVersion "1"]
[SourceVersionDate "2017.06.22"]
[SourceQuality "1"]

1. d4 Nf6 2. c4 g6 3. Nc3 Bg7 4. e4 d6 5. Nf3 0-0 6. h3 Nc6 7. Be3 a6 8. Qd2 e5 9. d5 Ne7 10. Be2 c6 11. 0-0 cxd5 12. cxd5 Bd7 13. a4 Rc8 14. Bd3 Kh8 15. a5 Neg8 16. Rac1 Qe7 17. b4 Nh5 18. Ne2 Rxc1 19. Rxc1 Rc8 20. Rxc8 Bxc8 21. Qc1 Qd7 22. Ng5 Nh6 23. b5 Nf6 24. b6 Qd8 25. Qc7 Qd7 26. Nc3 Kg8 27. Nb1 Qxc7 28. bxc7 Nd7 29. Na3 Bf8 30. Nc4 Kg7 31. f3 Ng8 32. h4 h6 33. Nh3 Ngf6 34. Nf2 Ne8 35. Nb6 Nxb6 36. axb6 Be7 37. g3 Nf6 38. Kg2 Nd7 39. Ng4 f6 40. Bxh6+ Kh7 41. Be3 g5 42. hxg5 fxg5 43. Nf2 Nc5 44. Bc2 Kg8 45. f4 Nd7 46. fxg5 Bxg5 47. Ng4 Bxe3 48. Nxe3 Nxb6 49. Nf5 Bxf5 50. exf5 Kg7 51. Kf3 Nc8 52. g4 b5 53. Bd3 Nb6 54. Ke3 Nxd5+ 0-1

[Event "Auckland ANZAC op"]
[Site "Auckland"]
[Date "2017.04.22"]
[Round "1"]
[White "MacDonald, Paul"]
[Black "Lourenco, Eva"]
[Result "1-0"]
[WhiteElo "2002"]
[BlackElo "1327"]
[PlyCount "77"]
[EventDate "2017.04.22"]
[EventType "swiss"]
[EventRounds "6"]
[EventCountry "NZL"]
[SourceTitle "CBM 178 Extra"]
[Source "ChessBase"]
[SourceDate "2017.06.22"]
[SourceVersion "1"]
[SourceVersionDate "2017.06.22"]
[SourceQuality "1"]

1. d4 Nf6 2. c4 g6 3. Nc3 Bg7 4. e4 d6 5. f4 e5 6. dxe5 dxe5 7. Qxd8+ Kxd8 8. fxe5 Ng4 9. Bg5+ Ke8 10. Nd5 Bxe5 11. Nf3 Na6 12. Nxe5 Nxe5 13. Bf6 Rf8 14. Bxe5 Kd7 15. Be2 Kc6 16. b4 Kd7 17. 0-0 c6 18. Nf6+ Ke6 19. Bg3 Nxb4 20. Rad1 h5 21. Bd6 Rd8 22. Bxb4 Rxd1 23. Bxd1 a5 24. Ba3 b5 25. cxb5 cxb5 26. Bb3+ Ke5 27. Bc5 Be6 28. Bxe6 Kxe6 29. Nd5 Rc8 30. Bd4 f5 31. Nf4+ Kf7 32. exf5 gxf5 33. Nxh5 Kg6 34. Nf4+ Kg5 35. Nd5 Rc2 36. Rxf5+ Kg6 37. Ne7+ Kh6 38. g4 Rxa2 39. Rh5# 1-0

[Event "Oceania zt 3.6 (Women)"]
[Site "Auckland"]
[Date "2017.01.19"]
[Round "8"]
[White "Lourenco, Eva"]
[Black "Prasad, Tanvi"]
[Result "1-0"]
[WhiteElo "1272"]
[BlackElo "1265"]
[PlyCount "83"]
[EventDate "2017.01.14"]
[EventType "swiss"]
[EventRounds "9"]
[EventCountry "NZL"]
[SourceTitle "EXT 2018"]
[Source "ChessBase"]
[SourceDate "2017.10.13"]
[SourceVersion "1"]
[SourceVersionDate "2017.10.13"]
[SourceQuality "1"]

1. d4 d5 2. Bf4 Nc6 3. e3 Bf5 4. c3 Nf6 5. Nd2 e6 6. Ngf3 Bd6 7. Ne5 0-0 8. Be2 Bxe5 9. dxe5 Nd7 10. Nf3 Be4 11. Bd3 Bxf3 12. gxf3 Ncxe5 13. Bxe5 Nxe5 14. Bc2 Qf6 15. f4 Nd7 16. Qd3 g6 17. 0-0-0 c6 18. h4 e5 19. f5 e4 20. Qe2 Qxf5 21. f4 h5 22. Rhg1 Nf6 23. Rg5 Qd7 24. f5 Kg7 25. Rdg1 Ng4 26. R1xg4 hxg4 27. Qxg4 Kf6 28. Qf4 gxf5 29. c4 Rad8 30. c5 Rg8 31. Bd1 Rxg5 32. Qxg5+ Ke5 33. Qg7+ Ke6 34. h5 d4 35. Bb3+ Qd5 36. Bxd5+ Kxd5 37. Qxd4+ Ke6 38. Qxd8 Ke5 39. h6 Ke6 40. h7 Ke5 41. h8Q+ Ke6 42. Qhf6# 1-0

[Event "Australian op"]
[Site "Brisbane"]
[Date "2017.01.03"]
[Round "2"]
[White "Lourenco, Eva"]
[Black "Liu, Yi"]
[Result "0-1"]
[WhiteElo "1272"]
[BlackElo "2250"]
[PlyCount "84"]
[EventDate "2017.01.02"]
[EventType "swiss"]
[EventRounds "11"]
[EventCountry "AUS"]
[SourceTitle "CBM 176 Extra"]
[Source "ChessBase"]
[SourceDate "2017.03.02"]
[SourceVersion "1"]
[SourceVersionDate "2017.03.02"]
[SourceQuality "1"]

1. d4 d5 2. Bf4 Nf6 3. e3 c5 4. c3 Nc6 5. Be2 Qb6 6. Qb3 c4 7. Qxb6 axb6 8. Nf3 b5 9. 0-0 Bf5 10. Re1 h6 11. h3 e6 12. Nbd2 b4 13. Ne5 bxc3 14. bxc3 Ba3 15. f3 Bb2 16. e4 Bxa1 17. Rxa1 Bh7 18. Nxc6 bxc6 19. Bd6 Kd7 20. e5 Ne8 21. Bb4 Nc7 22. f4 Ra7 23. a4 Rb8 24. a5 Na6 25. Ra4 Nxb4 26. cxb4 Rab7 27. a6 Ra7 28. Nxc4 dxc4 29. Bxc4 Kc7 30. Be2 Bc2 31. Ra2 Bb3 32. Rb2 Rxb4 33. g4 Rb6 34. f5 Ba4 35. Rxb6 Kxb6 36. h4 Bb5 37. Bxb5 cxb5 38. f6 g5 39. hxg5 hxg5 40. Kf2 b4 41. Ke2 b3 42. Kd3 Rc7 0-1

[Event "Auckland Morrison Memorial"]
[Site "Auckland"]
[Date "2016.10.22"]
[Round "2"]
[White "Runcan, Daniel Ioan"]
[Black "Lourenco, Eva"]
[Result "1-0"]
[WhiteElo "1930"]
[BlackElo "1274"]
[PlyCount "85"]
[EventDate "2016.10.21"]
[EventType "swiss"]
[EventRounds "6"]
[EventCountry "NZL"]
[SourceTitle "EXT 2018"]
[Source "ChessBase"]
[SourceDate "2017.10.13"]
[SourceVersion "1"]
[SourceVersionDate "2017.10.13"]
[SourceQuality "1"]

1. e4 c5 2. Nc3 g6 3. f4 Bg7 4. Nf3 Nc6 5. Bb5 Nd4 6. 0-0 Nxb5 7. Nxb5 Nf6 8. d3 0-0 9. c4 d6 10. Qe1 a6 11. Nc3 Rb8 12. a4 b5 13. axb5 axb5 14. Nxb5 Bd7 15. Nc3 Bc6 16. Qh4 Nh5 17. g4 Nf6 18. f5 Qd7 19. h3 e6 20. Bh6 exf5 21. gxf5 Nh5 22. Bxg7 Kxg7 23. Rf2 Rbe8 24. Raf1 Qe7 25. Qg4 Qf6 26. Rg2 Re7 27. Qxh5 Rfe8 28. Qg5 Qxg5 29. Nxg5 Kh6 30. f6 Re5 31. Nxf7+ Kh5 32. Nxe5 Rxe5 33. f7 Bd7 34. f8B Bxh3 35. Rh2 Kg4 36. Rf6 Re8 37. Bxd6 Ra8 38. Rf4+ Kg5 39. Rxh3 Ra6 40. Rg3+ Kh5 41. Be7 g5 42. Rxg5+ Kh6 43. Rh4# 1-0

[Event "Olympiad Women-42"]
[Site "Baku"]
[Date "2016.09.11"]
[Round "9.4"]
[White "Lourenco, Eva"]
[Black "Tuzi, Bruna"]
[Result "0-1"]
[WhiteElo "1276"]
[BlackElo "1807"]
[PlyCount "84"]
[EventDate "2016.09.02"]
[EventType "team-swiss"]
[EventRounds "11"]
[EventCountry "AZE"]
[SourceTitle "CBM 174 Extra"]
[Source "ChessBase"]
[SourceDate "2016.10.10"]
[SourceVersion "1"]
[SourceVersionDate "2016.10.10"]
[SourceQuality "1"]
[WhiteTeam "New Zealand (W)"]
[BlackTeam "Albania (W)"]
[WhiteTeamCountry "NZL"]
[BlackTeamCountry "ALB"]

1. d4 d5 2. Bf4 e6 3. e3 Bd6 4. Bg3 Nf6 5. Nf3 Nbd7 6. Be2 Nf8 7. Nbd2 Ng6 8. Ne5 Bxe5 9. dxe5 Nd7 10. f4 c5 11. c3 c4 12. Nf3 Qb6 13. Qd2 Nc5 14. Nd4 Bd7 15. 0-0 Ne7 16. Qc1 0-0 17. Rb1 Qa6 18. a3 Qb6 19. Kh1 Be8 20. Bf3 Rd8 21. Rg1 f6 22. Bg4 Bg6 23. Ra1 fxe5 24. fxe5 Nf5 25. Bxf5 Bxf5 26. Ra2 Rd7 27. Nxf5 Rxf5 28. Bf4 Nd3 29. Qd2 Qb3 30. Raa1 Qxb2 31. Rad1 Nf2+ 32. Qxf2 Qxf2 33. g4 Qf3+ 34. Rg2 Qxd1+ 35. Rg1 Qf3+ 36. Rg2 Rxf4 37. exf4 d4 38. h3 d3 39. f5 d2 40. fxe6 d1Q+ 41. Kh2 Qf4+ 42. Rg3 Rd2# 0-1

[Event "Olympiad Women-42"]
[Site "Baku"]
[Date "2016.09.06"]
[Round "5.4"]
[White "Lourenco, Eva"]
[Black "Goswami, Sugandha"]
[Result "1-0"]
[WhiteElo "1276"]
[BlackElo "1276"]
[PlyCount "91"]
[EventDate "2016.09.02"]
[EventType "team-swiss"]
[EventRounds "11"]
[EventCountry "AZE"]
[SourceTitle "CBM 174 Extra"]
[Source "ChessBase"]
[SourceDate "2016.10.10"]
[SourceVersion "1"]
[SourceVersionDate "2016.10.10"]
[SourceQuality "1"]
[WhiteTeam "New Zealand (W)"]
[BlackTeam "Fiji (W)"]
[WhiteTeamCountry "NZL"]
[BlackTeamCountry "FIJ"]

1. d4 d5 2. Bf4 Nc6 3. e3 Nf6 4. Nf3 e6 5. Nbd2 Be7 6. Be2 0-0 7. c3 a6 8. h3 b5 9. 0-0 Bb7 10. Bh2 Ne4 11. Ne5 Nxe5 12. Bxe5 f6 13. Bh2 Ng5 14. Bd3 f5 15. Nf3 Ne4 16. Ne5 Rf6 17. f3 Bd6 18. fxe4 dxe4 19. Bc2 Qe7 20. Bg3 Rff8 21. Qh5 h6 22. Bf4 Rf6 23. h4 Qe8 24. Qxe8+ Rxe8 25. h5 g5 26. hxg6 Bf8 27. Kf2 Bg7 28. Rh1 Kf8 29. Nd7+ Ke7 30. Nxf6 Kxf6 31. Bxc7 Re7 32. Be5+ Kxg6 33. Bxg7 Rxg7 34. Rh3 Kh7 35. Rah1 Rg6 36. Rg3 Rg4 37. Rxg4 fxg4 38. Kg3 Bc6 39. Kxg4 Be8 40. Bxe4+ Bg6 41. Bxg6+ Kxg6 42. Rf1 h5+ 43. Kh4 a5 44. e4 a4 45. d5 a3 46. bxa3 1-0

[Event "Olympiad Women-42"]
[Site "Baku"]
[Date "2016.09.05"]
[Round "4.42"]
[White "Hernandez Resto, Aracelys"]
[Black "Lourenco, Eva"]
[Result "1-0"]
[WhiteElo "1314"]
[BlackElo "1276"]
[PlyCount "123"]
[EventDate "2016.09.02"]
[EventType "team-swiss"]
[EventRounds "11"]
[EventCountry "AZE"]
[SourceTitle "CBM 174 Extra"]
[Source "ChessBase"]
[SourceDate "2016.10.10"]
[SourceVersion "1"]
[SourceVersionDate "2016.10.10"]
[SourceQuality "1"]
[WhiteTeam "Puerto Rico (W)"]
[BlackTeam "New Zealand (W)"]
[WhiteTeamCountry "PUR"]
[BlackTeamCountry "NZL"]

1. d4 Nf6 2. c4 g6 3. Nc3 Bg7 4. Nf3 d6 5. Bf4 0-0 6. e3 Nh5 7. Ne2 Nxf4 8. Nxf4 e5 9. dxe5 dxe5 10. Ne2 Be6 11. Nc3 Nc6 12. Nd2 a6 13. Be2 Rb8 14. Rc1 Ne7 15. 0-0 f5 16. f4 exf4 17. exf4 c5 18. Nf3 Qc7 19. Ng5 Bc8 20. Nd5 Bd4+ 21. Qxd4 cxd4 22. Nxc7 Rd8 23. Rfd1 Rd6 24. Nd5 Nxd5 25. cxd5 Rxd5 26. Bc4 Kg7 27. Bxd5 Kh6 28. Rd3 b5 29. Rh3+ Kg7 30. Rxh7+ Kf8 31. Rxc8+ Rxc8 32. Rh8+ Ke7 33. Rxc8 Kd6 34. Bb3 a5 35. Kf2 a4 36. Bd1 Kd5 37. Nf3 Ke4 38. Nxd4 Kxd4 39. Ke2 Ke4 40. g3 Kd5 41. Kd3 Ke6 42. Kd4 Kf6 43. h3 g5 44. fxg5+ Kxg5 45. h4+ Kf6 46. Kd5 f4 47. gxf4 Kf5 48. Re8 Kxf4 49. Bxa4 bxa4 50. Rf8+ Ke3 51. b3 a3 52. Rc8 Kf4 53. Kd4 Kg4 54. Ke4 Kxh4 55. Rg8 Kh5 56. Kf5 Kh6 57. Rg5 Kh7 58. Kf6 Kh6 59. Rf5 Kh7 60. Kf7 Kh6 61. Re5 Kh7 62. Rh5# 1-0

[Event "Hamilton Waikato op"]
[Site "Hamilton"]
[Date "2016.07.30"]
[Round "2"]
[White "Gibbons, Robert"]
[Black "Lourenco, Eva"]
[Result "1-0"]
[WhiteElo "2008"]
[BlackElo "1294"]
[PlyCount "129"]
[EventDate "2016.07.29"]
[EventType "swiss"]
[EventRounds "6"]
[EventCountry "NZL"]
[SourceTitle "EXT 2018"]
[Source "ChessBase"]
[SourceDate "2017.10.13"]
[SourceVersion "1"]
[SourceVersionDate "2017.10.13"]
[SourceQuality "1"]

1. d4 Nf6 2. c4 g6 3. Nc3 Bg7 4. e4 d6 5. Nf3 0-0 6. Be2 a6 7. 0-0 Re8 8. Bg5 c5 9. d5 Nbd7 10. Qc2 Ne5 11. Nxe5 dxe5 12. Rab1 Qc7 13. a3 Bd7 14. b4 Rab8 15. Be3 cxb4 16. axb4 Ng4 17. Bd2 f5 18. f3 Nf6 19. c5 fxe4 20. fxe4 Bg4 21. Bc4 Kh8 22. Be3 Qc8 23. Bd3 Nh5 24. Na4 Rf8 25. Nb6 Qc7 26. g3 Rxf1+ 27. Rxf1 Bh3 28. Rf7 Qd8 29. Bf1 Qe8 30. Rf2 Bxf1 31. Rxf1 Nf6 32. Bd2 Nd7 33. Nxd7 Qxd7 34. Qc4 Rf8 35. Rxf8+ Bxf8 36. Bc3 Qc7 37. Bb2 Bg7 38. c6 Bf6 39. Kg2 Kg7 40. Bc1 g5 41. Be3 Kg6 42. Qc5 Kf7 43. Qb6 Qxb6 44. Bxb6 bxc6 45. dxc6 Ke8 46. Kf3 e6 47. Ke3 Be7 48. Ba5 h6 49. Kd3 Bd6 50. Kc4 Be7 51. Bb6 Bd6 52. g4 Be7 53. Kb3 Bd6 54. Ka4 Be7 55. Ka5 Bd6 56. Kxa6 Bxb4 57. Kb7 Bd6 58. h3 Ke7 59. Bc5 Bxc5 60. c7 Bd6 61. c8Q Kf7 62. Kc6 Be7 63. Kd7 Bf8 64. Qe8+ Kg8 65. Kxe6 1-0

[Event "NZL-ch op 123rd"]
[Site "Auckland"]
[Date "2016.01.07"]
[Round "6"]
[White "Oka, Hikaru"]
[Black "Lourenco, Eva"]
[Result "1-0"]
[WhiteElo "1449"]
[BlackElo "1306"]
[PlyCount "119"]
[EventDate "2016.01.02"]
[EventType "swiss"]
[EventRounds "9"]
[EventCountry "NZL"]
[SourceTitle "CBM 170 Extra"]
[Source "ChessBase"]
[SourceDate "2016.02.25"]
[SourceVersion "1"]
[SourceVersionDate "2016.02.25"]
[SourceQuality "1"]

1. e4 c5 2. Nf3 g6 3. d4 cxd4 4. Qxd4 f6 5. Bc4 Bg7 6. 0-0 Nc6 7. Qc3 Ne5 8. Nxe5 fxe5 9. Bg5 h6 10. Qb3 hxg5 11. Bxg8 e6 12. Bxe6 dxe6 13. Nc3 0-0 14. Rad1 Qb6 15. Qc4 Qc6 16. Qb4 a5 17. Qe7 Qe8 18. Qxg5 Bd7 19. Rd6 a4 20. Rfd1 Rf7 21. Qxg6 Rf6 22. Qg3 Rf7 23. Qd3 Rd8 24. Nxa4 Bf8 25. Rb6 Bxa4 26. Qxd8 Qxd8 27. Rxd8 Bxc2 28. Rxe6 Bxe4 29. Rxe5 Rc7 30. h3 Bc6 31. Rg5+ Rg7 32. Rxg7+ Kxg7 33. Rd4 Kh6 34. Rf4 Bc5 35. a3 Kg5 36. Rg4+ Kh5 37. b4 Bd6 38. Rd4 Bf8 39. b5 Bxa3 40. bxc6 bxc6 41. Rc4 c5 42. f4 Kg6 43. Kf2 Bb2 44. Kf3 Bd4 45. Ke4 Bf2 46. g4 Kf6 47. Kd5 Kg6 48. Rxc5 Bg3 49. Ke4 Kf6 50. Rc6+ Ke7 51. g5 Kd7 52. Rh6 Ke7 53. h4 Kf7 54. f5 Kg7 55. f6+ Kf7 56. Kf5 Kg8 57. Rg6+ Kh7 58. f7 Bxh4 59. f8Q Bxg5 60. Qg8# 1-0